[Event "SLO-chT 1st League Central"]
[Site "Ljubljana"]
[Date "2012.10.04"]
[Round "5.3"]
[White "Schnabl, Franc"]
[Black "Skok, Vladimir"]
[Result "0-1"]
[WhiteElo "1508"]
[BlackElo "1676"]
[PlyCount "106"]
[EventDate "2012.09.06"]
[EventType "team-swiss"]
[EventRounds "9"]
[EventCountry "SLO"]
[SourceTitle "EXT 2019"]
[Source "ChessBase"]
[SourceDate "2018.10.10"]
[SourceVersion "1"]
[SourceVersionDate "2018.10.10"]
[SourceQuality "1"]
[WhiteTeam "Barob Smarca II"]
[BlackTeam "Loka Pri Mengsu"]
[WhiteTeamCountry "SLO"]
[BlackTeamCountry "SLO"]

1. e4 e5 2. g3 Nf6 3. d3 h6 4. Nc3 Bb4 5. Bd2 d6 6. a3 Ba5 7. Bg2 a6 8. Nge2 Nc6 9. Nd5 Bxd2+ 10. Qxd2 0-0 11. 0-0 Nxd5 12. exd5 Ne7 13. b4 c6 14. dxc6 bxc6 15. d4 Bb7 16. Qc3 f6 17. Rfd1 Kh8 18. Nc1 Rb8 19. Nb3 Rc8 20. Na5 Ba8 21. dxe5 fxe5 22. Rd2 c5 23. Bxa8 Rxa8 24. bxc5 d5 25. Rb1 Rb8 26. Rxb8 Qxb8 27. c6 Qb1+ 28. Kg2 Qe1 29. Qe3 Qc1 30. Qc3 Qe1 31. Qe3 Qc1 32. a4 Nf5 33. Qe2 Nd4 34. Qd1 Qb2 35. c3 Qxc3 36. Nb7 Qxc6 37. Rb2 Ne6 38. Na5 Qc3 39. Qd2 Qf3+ 40. Kg1 Ng5 41. h4 Nh3+ 42. Kh2 Nxf2 43. Qe1 Nd3 44. Qe2 Nxb2 45. Qxb2 Qf1 46. Nc6 Rf2+ 47. Qxf2 Qxf2+ 48. Kh3 d4 49. Ne7 Kh7 50. Nd5 d3 51. Nc3 h5 52. Nd5 Qg1 53. Ne3 Qh1# 0-1

[Event "SLO-chT 1st League Central"]
[Site "Ljubljana"]
[Date "2012.09.20"]
[Round "3.4"]
[White "Brvar, Zoran"]
[Black "Skok, Vladimir"]
[Result "0-1"]
[WhiteElo "1518"]
[BlackElo "1676"]
[PlyCount "56"]
[EventDate "2012.09.06"]
[EventType "team-swiss"]
[EventRounds "9"]
[EventCountry "SLO"]
[SourceTitle "EXT 2019"]
[Source "ChessBase"]
[SourceDate "2018.10.10"]
[SourceVersion "1"]
[SourceVersionDate "2018.10.10"]
[SourceQuality "1"]
[WhiteTeam "Bor Dob"]
[BlackTeam "Loka Pri Mengsu"]
[WhiteTeamCountry "SLO"]
[BlackTeamCountry "SLO"]

1. d4 d5 2. c4 dxc4 3. Nc3 Nf6 4. e4 Bg4 5. f3 Bh5 6. Bxc4 e6 7. Bg5 Be7 8. Nge2 0-0 9. 0-0 h6 10. Bxf6 Bxf6 11. e5 Bg5 12. Ne4 Be3+ 13. Kh1 Nc6 14. d5 Nxe5 15. Bb3 exd5 16. Bxd5 c6 17. Bb3 Qxd1 18. Raxd1 Rad8 19. N2g3 Bg6 20. Nd6 Nd3 21. Nge4 Nxb2 22. Rde1 Bb6 23. Re2 Nd3 24. Rd2 Nc5 25. Nxf7 Bxf7 26. Bxf7+ Kxf7 27. Nd6+ Kg8 28. Re1 Ba5 0-1

[Event "SLO-chT 1st League Central"]
[Site "Ljubljana"]
[Date "2012.09.13"]
[Round "2.3"]
[White "Marincek, Bojan"]
[Black "Skok, Vladimir"]
[Result "1-0"]
[WhiteElo "1687"]
[BlackElo "1676"]
[PlyCount "81"]
[EventDate "2012.09.06"]
[EventType "team-swiss"]
[EventRounds "9"]
[EventCountry "SLO"]
[SourceTitle "EXT 2019"]
[Source "ChessBase"]
[SourceDate "2018.10.10"]
[SourceVersion "1"]
[SourceVersionDate "2018.10.10"]
[SourceQuality "1"]
[WhiteTeam "Crni Graben"]
[BlackTeam "Loka Pri Mengsu"]
[WhiteTeamCountry "SLO"]
[BlackTeamCountry "SLO"]

1. e4 e6 2. d4 d5 3. exd5 exd5 4. Bd3 Nc6 5. c3 Be7 6. Be3 Nf6 7. h3 h6 8. Nd2 a6 9. Qc2 Be6 10. f4 Nh5 11. 0-0-0 Ng3 12. Rh2 g6 13. Ngf3 Nf5 14. Bf2 Bd6 15. Ne5 Nxe5 16. dxe5 Be7 17. g4 Nh4 18. f5 gxf5 19. gxf5 Nxf5 20. Bxf5 Qd7 21. Bxe6 Qxe6 22. Nf3 0-0-0 23. Kb1 Rhg8 24. Re1 Rg7 25. Nd4 Qg6 26. Nf5 Bf8 27. Nxg7 Qxg7 28. Bh4 Re8 29. Qf5+ Re6 30. Rf2 b6 31. Rf4 Qg2 32. Qxf7 Rc6 33. Qxf8+ Kb7 34. Rf2 Qxh3 35. Qf4 Qd3+ 36. Rc2 d4 37. Qe4 Qxe4 38. Rxe4 dxc3 39. Rxc3 Re6 40. Bd8 c5 41. Bf6 1-0

[Event "Ljubljana-chT 62nd 3rd League"]
[Site "Ljubljana"]
[Date "2009.03.05"]
[Round "8.1"]
[White "Skok, Vladimir"]
[Black "Vertacnik, Viktor"]
[Result "0-1"]
[WhiteElo "1732"]
[BlackElo "1700"]
[PlyCount "31"]
[EventDate "2009.01.08"]
[EventType "team-tourn"]
[EventRounds "10"]
[EventCountry "SLO"]
[SourceTitle "EXT 2022"]
[Source "ChessBase"]
[SourceDate "2021.10.06"]
[SourceVersion "1"]
[SourceVersionDate "2021.10.06"]
[SourceQuality "1"]

1. e4 e5 2. Nf3 Nc6 3. Bc4 Bc5 4. 0-0 Nf6 5. Nc3 0-0 6. d3 h6 7. h3 d6 8. Be3 Bb6 9. a3 Be6 10. Nd5 Bxd5 11. Bxd5 Nxd5 12. exd5 Ne7 13. c4 Nf5 14. Bxb6 axb6 15. Re1 Re8 16. Re4 0-1